| 000 | 01864nam a2200457 c 4500 | ||
|---|---|---|---|
| 001 | 23310 | ||
| 003 | ES-MaCES | ||
| 005 | 20150929135511.0 | ||
| 007 | cr ||||||||||| | ||
| 008 | 100920s2010 sp d t 000 | spa d | ||
| 035 | _aCES20100007726m | ||
| 040 |
_aES-MaCES _bspa _cES-MaCES |
||
| 245 | 0 | 3 |
_aLa brecha salarial _b: realidades y desafíos : las desigualdades salariales entre hombres y mujeres : España 2009 _c[estudio realizado por ENRED Consultoría ; coords., M.Ángeles Sallé Alonso, Laura Molpeceres Álvarez ; investigadores, Marta Ongil López ... et al.] |
| 260 |
_a[Madrid _bMinisterio de Igualdad _bMinisterio de Trabajo e Inmigración _c2010?] |
||
| 300 |
_a189 p. _bgráf. col. _c30 cm _e1 documento pdf (1,89 mb) |
||
| 490 | 1 | _aEME, economía mujer empresa | |
| 500 | _aEjemp. fotocopiado | ||
| 504 | _aBibliografía: p. 181-187 | ||
| 541 | _cGratuito | ||
| 650 | 4 |
_adiferencia del salario _929458 |
|
| 650 | 4 |
_amujeres _928657 |
|
| 650 | 4 |
_atrabajadora _928413 |
|
| 650 | 4 |
_adiscriminación por razones de sexo _929521 |
|
| 650 | 4 |
_aigualdad de oportunidades en el empleo _930649 |
|
| 650 | 4 |
_aigualdad de remuneración _927184 |
|
| 650 | 4 |
_aEspaña _926964 |
|
| 650 | 4 |
_a2009 _931942 |
|
| 650 | 4 |
_acuadros estadísticos _928890 |
|
| 653 | 1 | 0 | _aMujer |
| 650 | 4 |
_926752 _aUE |
|
| 700 | 1 |
_aOngil López, Marta _919968 |
|
| 700 | 1 |
_aSallé Alonso, María Ángeles _ecol. _923107 |
|
| 700 | 1 |
_aMolpeceres Álvarez, Laura _ecol. _918800 |
|
| 710 | 1 |
_aEspaña _bMinisterio de Igualdad _eed. _93247 |
|
| 710 | 1 |
_aEspaña _bMinisterio de Trabajo e Inmigración _eed. _93272 |
|
| 830 | 0 |
_aEME, economía mujer empresa _934558 |
|
| 856 | 4 |
_uhttp://biblioteca.ces.es/repintra/47-27689.pdf _ytexto completo _z[intranet] |
|
| 902 | _aDOC Literatura gris | ||
| 942 |
_2CES _cBK _h3.3. |
||
| 999 |
_c23310 _d23310 |
||